Quel élément existe? - Statistiques

Statistiques générales
  • Ce quiz a été pris 99 fois
  • Le résultat moyen est 15 sur 20
Statistiques - réponses
Hint Réponse % Correct
Uranium vrai
90%
Zirconium vrai
82%
Incrium faux
81%
Vadane faux
81%
Grinium faux
81%
Sourene faux
81%
Rubidium vrai
78%
Drénon faux
77%
Jubilium faux
76%
Krypton vrai
76%
Valadium faux
73%
Cérium vrai
73%
Einsteinium vrai
71%
Bolonium faux
68%
Molybdene vrai
67%
Antimoine vrai
65%
Yttrium vrai
65%
Strontium vrai
65%
Quantium faux
63%
Microsium faux
62%
Aucun quiz correspondant
Distribution des résultats
% des personnes avec chaque résultat
Percentile par nombre de réponses
Votre historique - résultats
Vous n’avez pas pris ce quiz